|
|
|
|
| LEADER |
00000cab a2200000 a 4500 |
| 001 |
024253 |
| 003 |
UAHC_CL |
| 005 |
20250909155203.0 |
| 008 |
250909s2021 cl || || 000 s|spa |
| 040 |
|
|
|a UAHC_CL
|c UAHC_CL
|d UAHC_CL
|
| 245 |
|
|
|a Carta magna digital :
|b sociedad de la Información y tercera ola de datos abiertos
|c Patricio Urriola Aballai (Coordinador).
|
| 264 |
|
|
|a Santiago, Chile :
|b FLACSO,
|c 2021.
|
| 300 |
|
|
|a 78 páginas
|
| 500 |
|
|
|a Sitio visitado https://flacsochile.org/wp-content/uploads/Carta-Magna-Digital-1.pdf septiembre 9 de 2025.
|
| 520 |
|
|
|a Este documento de posición, busca aportar contenido sobre los deberes y derechos de la sociedad de la información, en la tercera ola de datos abiertos, para ser introducidos en la discusión de una nueva constitución. Está basado en el seminario “Verano de Datos Abiertos Constituyente” y las Entrevistas de “Datos Abiertos” .
|
| 700 |
|
|
|a Urriola Aballai, Patricio
|9 22277
|e coodinador
|
| 856 |
|
|
|y Acceso electrónico al documento
|u https://flacsochile.org/wp-content/uploads/Carta-Magna-Digital-1.pdf
|
| 942 |
|
|
|c LE
|
| 952 |
|
|
|0 0
|1 0
|4 0
|6 RECURSO_ELECTRÓNICO
|7 0
|8 COMP
|9 101294
|a BR
|b BR
|c Digital
|d 2025-09-09
|l 0
|o Recurso electrónico
|r 2025-09-09 15:52:33
|w 2025-09-09
|y LE
|B ADM
|
| 999 |
|
|
|c 63018
|d 63018
|